Statistics for Avatar Universe- HARD QUIZ!

Click here to take the quiz!

General Stats

  • This quiz has been taken 75 times
    (72 since last reset)
  • The average score is 9 of 17

Answer Stats

HintAnswer% Correct
(EXTREMELY HARD) Who is the Avatar in the Legend of Korra?Avatar Korra
92%
How many sisters does Ty Lee have?Six
87%
Who started the Tradition of Hunting dragons?Firelord Sozin
82%
Who was the first Avatar?Avatar Wan
81%
Which Avatar lost their girlfriends face to Ko?Avatar Kuruk
71%
Who did Avatar Kyoshi kill whilst making Kyoshi Island?Chin the Conqueror
68%
What is Katara/Sokka's grandmothers name?Kanna
66%
What is the name of Tenzin's youngest child?Rohan
58%
Which spirits "Push and Pull"?Tui and La
53%
What is the name of Book 3 in LOK?Change
47%
What is the name of Bolin's charector in Varricks film?Nuktuk
47%
Who is the Earth Bender in the ATLA intro?Sud
27%
What is Iroh's favourite tea?Jasmine Tea
26%
Who was mistakenly named the Avatar in the era of Kyoshi?Yun
24%
Which Avatar was an avid politician?Avatar Szeto
23%
Where did the name Tenzin come from?the 14th Dalai Lama
23%
Which Bay was Hakoda located at when Sokka went to visit him in Book 2?Chameleon Bay
11%

Score Distribution

Percentile by Number Answered

Percent of People with Each Score

Your Score History

You have not taken this quiz since the last reset